Hearts of Iron 4 Formable Nations (updated) - Statistics

General Stats
  • This quiz has been taken 67 times
    3 since last reset
  • The average score is 77 of 219
Answer Stats
Formable as Answer % Correct
Belgian Congo, Ethiopia African Union
67%
Ethiopia Aksumite Empire
67%
Morocco, Algeria, Tunisia, Western Sahara, Libya, Rif Al-Andalus
67%
Austria, Hungary, Czechoslovakia, Germany, Croatia, Slovenia, Slovakia, Transylvania, Lombardy-Venetia, Bosnia, Silesia Austria-Hungary
67%
Greece Byzantine Empire
67%
British Raj East India Company
67%
United Kingdom, France, Belgium, Netherlands, Luxembourg, Italy, Germany, Austria, Hungary European Federation
67%
Finland Greater Finland
67%
Germany Greater German Reich
67%
Hungary Greater Hungary
67%
Algeria, Tunisia, Libya, Morocco, Rif, Western Sahara, Mauritania Maghreb
67%
British Raj Mughal Empire
67%
Turkey Ottoman Empire
67%
Poland, Lithuania Polish-Lithuanian Commonwealth
67%
Denmark, Norway, Sweden Scandinavia
67%
Soviet Union Third Rome
67%
Afghanistan Afghan-Pakistan Confederacy
33%
British Raj Akhand Bharat
33%
Switzerland Alpine Confederation
33%
Switzerland Alpine Protectorate
33%
Switzerland Alpine Supremacy
33%
Switzerland Alpine Union
33%
Brazil America do Sul
33%
Ethiopia Anarcho-Communist Union of Africa
33%
Haiti, Dominican Republic, Puerto Rico, Cuba, Jamaica, Bahamas, Guadeloupe, British Antilles Antillean Confederation
33%
Iraq, Saudi Arabia, Yemen, Oman, Egypt, Libya, Jordan, Palestine, Lebanon, Syria, Kuwait, Trucial States, Qatar, Tunisia, Algeria, Morocco, Western Sahara, Mauritania, Sudan, Bahrain, South Arabia, Imamate of Oman Arabia
33%
Austria, Germany Archduchy of Austria
33%
Philippines ASEAN
33%
Austria Austrian Empire
33%
Philippines Austronesia
33%
Estonia, Latvia, Lithuania Baltic Federation
33%
Denmark Baltic Sea Dominion
33%
Manchukuo Beiyang Clique
33%
Belgum Belgica
33%
Netherlands Benelux Federation
33%
Poland Bermontian Commonwealth
33%
Italy, (Crimea) Bosporan Kingdom
33%
Belgium Burgundy
33%
Chinese Warlord States CC Clique
33%
Czechoslovakia Central European Federation
33%
Manchukuo Chinese Empire
33%
Communist China Chinese Republic
33%
Ma Warlord States Chinese Sultanate
33%
Hungary, (Austria) Cisleithania
33%
Poland Commonwealth of Socialist Republics
33%
Argentina Confederacion Sudamerica
33%
Chile, (Canada) Confederated Canadian First Nations
33%
United States Confederated States of America
33%
Finland Confederation of Finno-Russian Republics
33%
Belgian Congo Congo-Kisangani
33%
Austria Danubian State of Austria
33%
Belgium Dietsland
33%
United Kingdom, (Canada) Dominion of North America
33%
Belgian Congo, Rwanda, Burundi, Kenya, Tanzania, Uganda East Africa
33%
Afghanistan Emirate of Afghanistan
33%
Chinese Warlord States Empire of China
33%
Estonia Empire of Finno-Ugra
33%
Japan Empire of Great Japan
33%
Manchukuo Empire of Great Manchuria
33%
Ethiopia Empire of Solomon
33%
Ethiopia Empire of Zion
33%
Estonia, (Belarus) Estonia-Belarus
33%
Estonia Estonia-Finland
33%
Sweden Eternal Nordic Empire
33%
Uruguay Federal League
33%
Hungary, (Romania) Federal Republic of Szekelyfold
33%
Philippines Federation of Malayan Peoples
33%
Portugal Fifth Portuguese Empire
33%
France, United Kingdom Franco-British Union
33%
Germany German Kaiserreich
33%
Germany German Socialist Volksunion
33%
Germany German Volksreich
33%
German states Germany (Reunified)
33%
Republican Spain Global Defense Council
33%
Ethiopia Gojjam
33%
Colombia, Ecuador, Venezuela, Panama, Peru Gran Colombia
33%
Germany, (Belgium) Grand Duchy of Flanders
33%
Chile Grand Federation of Amerindian Peoples
33%
Finland Grand Finnish Federation
33%
Chile, (Guyana, Suriname, Cayenne) Grand Kingdom of El Dorado
33%
Austria Greater Austria
33%
Denmark Greater Denmark
33%
Japan Greater East Asian Federation
33%
Ethiopia Greater Ethiopian Union
33%
Germany Greater German Proletariat State
33%
Ethiopia Greater Gojjami Union
33%
Dutch East Indies, British Malaya, Timor-Leste, Singapore, West Papua, Sarawak, Sabah, Brunei Greater Indonesian Confederacy
33%
Iran Greater Iran
33%
Iraq Greater Iraq
33%
Italy Greater Italy
33%
Ethiopia Greater Jimman Union
33%
Finland Greater Kingdom of Finland
33%
Iraq Greater Kurdistan
33%
Lithuania Greater Lithuania
33%
Mongolia, Buryatia, Mengjiang, Kumul Khanate, Kalmykia Greater Mongolia
33%
Paraguay Greater Paraguay
33%
Uruguay Greater Uruguay
33%
Ma Warlord States Great Ma
33%
Czechoslovakia Great Moravia
33%
Chile, (Brazil) Great Pindorama
33%
Kumul Khanate Great Yuan
33%
Guyana, Suriname, Cayenne Guianan Federal Republic
33%
Hungary, (Spain) Habsburg Spain
33%
Iraq Hashemite Arab Federation
33%
Iraq Hashemite Caliphate
33%
Greece Hellas
33%
Switzerland Helvetic Republic
33%
Chile | Philippines Hispanic Empire
33%
Haiti, Dominican Republic Hispaniola
33%
Germany, Austria Holy Roman Empire
33%
Ethiopia, Ethiopian States, Djibouti, Eritrea, Somalia Horn Of Africa
33%
Spain, Portugal Iberia
33%
Mari El, Chuvashia, Tatarstan, Udmurtia, Bashkortostan Idel-Ural
33%
United Kingdom Imperial Federation
33%
Chile, (Mexico) Indigenista Mexico
33%
Iran Iranian Empire
33%
Afghanistan Islamic Republic of Afghanistan
33%
Iran Islamic Republic of Iran
33%
Italy Italian Empire
33%
Ethiopia Jimma
33%
Japan Jobukkokudo
33%
Chile Kingdom of Araucania and Patagonia
33%
Belgian Congo Kingdom of Bakuba
33%
Austria, Hungary, (Czechoslovakia) Kingdom of Bohemia-Moravia and Silesia
33%
Czechoslovakia Kingdom of Bohemia-Slovakia
33%
Belgian Congo Kingdom of Burundi
33%
Chile Kingdom of Chile
33%
Austria, Hungary, (Croatia) Kingdom of Croatia and Slavonia
33%
France Kingdom of Franco-Spain
33%
Germany Kingdom of Germany
33%
Belgian Congo Kingdom of Kongo
33%
Lithuania Kingdom of Livonia
33%
Belgian Congo Kingdom of Loango
33%
Belgian Congo Kingdom of Mittelafrika
33%
Austria, Hungary, (Poland) Kingdom of Poland
33%
Poland, Romania Kingdom of Poland-Romania
33%
Belgian Congo Kingdom of Rwanda
33%
Latvia, (Belarus) Latvia-Belarus
33%
Austria Liechtenstein
33%
Lithuania, (Belarus) Lithuania-Belarus
33%
Greece Macedonian Empire
33%
Chile Mapuche State
33%
Kurdistan, Syria, Palestine, Egypt, Kuwait, Lebanon, Iraq Mesopotamia
33%
Dagestan, Chechen-Ingush Republic, North Ossetia-Alania, Federal Republic of Kabardins and Karachay-Balkars, Abkhazia Mountainous Republic of the Northern Caucasus
33%
South Africa, Botswana, Zimbabwe, Mozambique, Barotseland, Zambia Mutapa
33%
Assyria Neo-Assyrian Empire
33%
Sweden Nordic Defense Council
33%
Denmark, Sweden, Norway, Finland, Iceland, Greenland, Sapmi, Karelia, Estonia Nordic League
33%
Norway Norgesveldet
33%
Norway Norske Sovjetrepublikken
33%
Norway Northern Revolutionary Front
33%
Norway, Denmark North Sea Federation
33%
Chile, (Bolivia) Orelia
33%
Latvia Ostland
33%
Japan Pacific Union of Soviet Socialist Republics
33%
Soviet Union Pan-Slavic Union
33%
Italy Papal State
33%
Afghanistan Pashtunistan
33%
Afghanistan Pashtunistan Ascendancy
33%
Communist China, Manchukuo People's Republic of China
33%
Iran Persian Empire
33%
Peru, Bolivia Peru-Bolivian Confederation
33%
Bolivia Plurinational State of Bolivia
33%
New Zealand, Hawai'i, Tahiti, Mariana Federation, Micronesia, Samoa, Solomon Islands, Melanesian Federation, Rapa Nui, Palau Polynesia
33%
Austria, Hungary, (Albania) Principality of Albania
33%
Thailand Rattanakosin Kingdom
33%
Finland Red Finland
33%
Sweden Reichsprotekorat Nordland
33%
Philippines Reino de Filipinas
33%
Manchukuo Republic of China
33%
Switzerland Republique Helvetique
33%
Uruguay River Plate Federation
33%
Italy Roman Empire
33%
Poland Sanationist Poland
33%
Afghanistan Second Afghan Empire
33%
Argentina Second Argentine Republic
33%
Philippines Second Philippine Republic
33%
Sakha, Far Eastern Republic, Chukotka, Vladivostok, Buryatia, Taymyria, Altai, Yamalian Republic, Ostyak-Vogul, Tannu Tuva, Khakassia, Evenkia Siberia
33%
Poland Slavic Union
33%
Afghanistan Socialist Republics of Central Asia
33%
Paraguay South American Free State
33%
Argentina South American Socialist Republics
33%
Nationalist Spain Spanish Empire
33%
Austria Suddeutschland
33%
British Raj Sultanate of Al-Hind
33%
Argentina The Fourth Reich
33%
Sweden The New Order
33%
Bulgaria Third Bulgarian Empire
33%
Hungary, (Mexico) Third Mexican Empire
33%
Brazil Third Republic of Brazil
33%
Afghanistan, British Raj Timurid Empire
33%
Georgia, Armenia, Azerbaijan Transcaucasia
33%
Hungary Transleithania
33%
Turkey Turan
33%
Tannu Tuva, Kazakhstan, Uzbekistan, Kyrgyzstan, Tajikistan, Turkmenistan, Sinkiang, Bukhara, Khiva, Karakalpakstan, Kumul Khanate Turkestan
33%
Austria Union of Danubian Socialists
33%
Chile Union of Hispanic Peoples
33%
Brazil Union of Latin American Socialist Republics
33%
Hungary Union of Pannonian Socialist Republics
33%
Iraq United Arab Republic
33%
Bulgaria, Hungary United Balkan Federation
33%
United Kingdom, (United States) United Kingdom of America
33%
Portugal, Brazil United Kingdom of Portugal and Brazil
33%
Hungary United Kingdoms of Hungary and Romania
33%
Hungary United Kingdoms of Sweden and Hungary
33%
Netherlands, Luxembourg United Netherlands
33%
Brazil United States of Brazil
33%
Guatemala, Belize, Honduras, El Salvador, Nicaragua, Costa Rica, Panama United States of Central America
33%
Belgian Congo, Katanga, Congo-Brazzaville, Rwanda, Burundi, Angola, Gabon, Equatorial Guinea, Cameroon, Chad, Central African Republic United States of Latin Africa
33%
Chile, (United States) United States of Native America
33%
Brazil United States of South America
33%
Iran Viceroyalty of Iran
33%
Belgium Vlaanderen
33%
Ma Warlord States Xibei San Ma
33%
Kumul Khanate Yettishar
33%
Uruguay Reichsprotektorat Uruguay
0%
Chile Reino de la Patria Nueva
0%
Argentina Sudamerica Legionaria
0%
No matching quizzes found
Score Distribution
Percent of People with Each Score
Percentile by Number Answered
Your Score History
You have not taken this quiz since the last reset